[Event "Asian Junior Girls Chess Championship-2016"]
[Site "New Delhi"]
[Date "2016.05.04"]
[Round "1"]
[Board "1"]
[White "Vaishali, R"]
[Black "Potluri, Supreetha"]
[Result "1-0"]
[WhiteElo "2322"]
[BlackElo "1849"]
[PlyCount "0"]
[EventDate "2016.05.04"]
[EventRounds "9"]
[EventCountry "IND"]

1. e4 c5 2. Nf3 e6 3. d4 cxd4 4. Nxd4 Nc6 5. Nc3 Nf6 6. Be2 a6 7. O-O Qc7 8.
Be3 b5 9. Nxc6 dxc6 10. f4 Bb7 11. e5 Nd5 12. Nxd5 cxd5 13. Bd3 b4 14. f5 O-O-O
15. fxe6 fxe6 16. Qg4 Qc6 17. Qd4 Rd7 18. c3 b3 19. axb3 Rc7 20. b4 g6 21. Ra5
Bg7 22. b5 Qe8 23. bxa6 Bc6 24. b4 Rf8 25. b5 Rxf1+ 26. Bxf1  1-0

[Event "Asian Junior Girls Chess Championship-2016"]
[Site "New Delhi"]
[Date "2016.05.04"]
[Round "1"]
[Board "2"]
[White "Yalkanova, Maya"]
[Black "Varshini, V"]
[Result "1/2-1/2"]
[WhiteElo "1831"]
[BlackElo "2223"]
[PlyCount "0"]
[EventDate "2016.05.04"]
[EventRounds "9"]
[EventCountry "IND"]

1. d4 d5 2. e3 Nf6 3. Nf3 e6 4. Bd3 Be7 5. Nbd2 O-O 6. O-O b6 7. e4 dxe4 8.
Nxe4 Nbd7 9. c3 Bb7 10. Qe2 c5 11. Rd1 cxd4 12. Nxd4 Qc8 13. Bf4 Nxe4 14. Bxe4
Bxe4 15. Qxe4 Nf6 16. Qf3 Bc5 17. Be5 Nd7 18. Nc6 Nxe5 19. Nxe5 f6 20. Nc6 Qc7
21. Qe4 Rfe8 22. Rd3 f5 23. Qf3 Rac8 24. Nd4 Qf7 25. Nb5 e5 26. Qd5 Qxd5 27.
Rxd5 a6 28. Nd6 Bxd6 29. Rxd6 Rb8 30. Kf1 Kf7 31. Rad1 Re6 32. Rd7+ Re7 33.
R7d5 g6 34. Ke2 Rbe8 35. Ke3 Kf6 36. Rd6+ Re6 37. Rd7 R8e7 38. Rd8 b5 39. h4
Re8 40. R8d7 R8e7 41. Rd8 Re8 42. R8d7 R8e7 43. Rd8 Re8 44. R8d7  1/2-1/2

[Event "Asian Junior Girls Chess Championship-2016"]
[Site "New Delhi"]
[Date "2016.05.04"]
[Round "1"]
[Board "3"]
[White "Michelle Catherina, P"]
[Black "Akshaya, Nandakumar"]
[Result "1-0"]
[WhiteElo "2179"]
[BlackElo "1820"]
[PlyCount "0"]
[EventDate "2016.05.04"]
[EventRounds "9"]
[EventCountry "IND"]

1. c4 f5 2. g3 Nf6 3. Bg2 e6 4. Nc3 d5 5. cxd5 exd5 6. d4 c6 7. Nf3 Bd6 8. O-O
O-O 9. Bf4 Qe7 10. Bxd6 Qxd6 11. e3 Nbd7 12. Rb1 Ne4 13. Qc1 Ndf6 14. b4 Bd7
15. a4 Rac8 16. Qb2 g5 17. Nxe4 Nxe4 18. Ne5 Be8 19. f3 Nf6 20. Qd2 h6 21. Bh3
Nd7 22. Nd3 Bg6 23. f4 g4 24. Bg2 Nb6 25. a5 Nc4 26. Qc1 Qe6 27. Ne5 Nd6 28. a6
b6 29. Rf2 Nc4 30. b5 Nxe5 31. dxe5 cxb5 32. Qd1 Rc5 33. Rfb2 Be8 34. Rc2 Bc6
35. Rxc5 bxc5 36. Rxb5 d4 37. Rxc5 Bxg2 38. Kxg2 Qxa6 39. exd4 Qa2+ 40. Qc2 Qa1
41. Qc4+ Kh8 42. d5 Qe1 43. Qc2 Qe3 44. Rc8 Qf3+ 45. Kg1 Qe3+ 46. Kf1 Qf3+ 47.
Kg1 Qe3+ 48. Kf1 Qf3+ 49. Ke1 Qh1+ 50. Kd2 Qxd5+ 51. Ke3 Qf3+ 52. Kd4 Qa3 53.
Rxf8+ Qxf8 54. Qc5 Qb8 55. Qd6 Qb2+ 56. Kd5 Qb3+ 57. Kc6 Qc2+ 58. Kd7 Qa4+ 59.
Ke7 Kh7 60. Kf8 Qc2 61. Qe7+ Kg6 62. Qf7#  1-0

[Event "Asian Junior Girls Chess Championship-2016"]
[Site "New Delhi"]
[Date "2016.05.04"]
[Round "1"]
[Board "4"]
[White "Albekova, Dilyara"]
[Black "Uuriintuya, Uurtsaikh"]
[Result "0-1"]
[WhiteElo "1810"]
[BlackElo "2172"]
[PlyCount "0"]
[EventDate "2016.05.04"]
[EventRounds "9"]
[EventCountry "IND"]

1. e4 c5 2. Nf3 Nc6 3. d4 cxd4 4. Nxd4 Qb6 5. Nb3 e6 6. Be3 Qc7 7. a3 Nf6 8.
Nc3 Be7 9. f4 d6 10. Be2 a6 11. Qd2 b5 12. O-O O-O 13. Bf3 Bb7 14. Rad1 Rac8
15. g4 Rfd8 16. Qf2 Nd7 17. f5 Qb8 18. g5 Nde5 19. Be2 Bf8 20. Qh4 Re8 21. Rf4
Ne7 22. Qh3 exf5 23. exf5 g6 24. Nd4 Nxf5 25. Nxf5 gxf5 26. Qxf5 Rc7 27. Bh5
Ng6 28. Bxg6 fxg6 29. Qh3 Qd8 30. Rf6 d5 31. Bd4 Bg7 32. Bb6 Bxf6 33. Bxc7 Qxc7
34. gxf6 Qb6+ 35. Kf1 Qxf6+ 36. Kg1 Qb6+ 37. Kf1 Rf8+ 38. Ke2 Qf2+  0-1

[Event "Asian Junior Girls Chess Championship-2016"]
[Site "New Delhi"]
[Date "2016.05.04"]
[Round "1"]
[Board "5"]
[White "Nandhidhaa, Pv"]
[Black "Meghna, C H"]
[Result "1-0"]
[WhiteElo "2141"]
[BlackElo "1808"]
[PlyCount "0"]
[EventDate "2016.05.04"]
[EventRounds "9"]
[EventCountry "IND"]

1. e4 e6 2. d4 d5 3. Bd3 dxe4 4. Bxe4 Nf6 5. Bf3 c5 6. Ne2 Be7 7. O-O Nc6 8.
Be3 cxd4 9. Nxd4 Ne5 10. Nc3 O-O 11. Be2 Bd7 12. f4 Nc6 13. Nb3 Nb4 14. Bd4 Bc6
15. a3 Nbd5 16. Qe1 Nxc3 17. Bxc3 Ne4 18. Rd1 Qc7 19. Be5 Bd6 20. Rxd6 Nxd6 21.
Qb4 Rfd8 22. Rd1 Bd5 23. c4 a5 24. Qc3 a4 25. Nd2 Rac8 26. cxd5 Qxc3 27. Bxc3
exd5 28. Nf3 Ne4 29. Ba5 Rd6 30. Bb4 Rdc6 31. Rxd5 Rc1+ 32. Ne1 g6 33. Bd3 Nf6
34. Rd6 Ng4 35. h3 Nh6 36. g4 Kg7 37. Kf2 Ng8 38. Bc3+ Kf8 39. Rd7 b6 40. Bb5
Ra8 41. Rc7 Rd1 42. Bc4 f6 43. Bb4+  1-0

[Event "Asian Junior Girls Chess Championship-2016"]
[Site "New Delhi"]
[Date "2016.05.04"]
[Round "1"]
[Board "6"]
[White "Priyamvada, Karamcheti"]
[Black "Ivana Maria, Furtado"]
[Result "1-0"]
[WhiteElo "1766"]
[BlackElo "2091"]
[PlyCount "0"]
[EventDate "2016.05.04"]
[EventRounds "9"]
[EventCountry "IND"]

1. d4 Nf6 2. c4 e6 3. Nc3 Bb4 4. e3 d5 5. a3 Be7 6. Nf3 b6 7. cxd5 exd5 8. Bd3 O-O 9. h3 Bb7 10. O-O Nbd7 11. b4 c6 12. Bd2 Bd6 13. Qb3 Qe7 14. Rfc1 a6 15. Ne2 Ne4 16. Be1 f5 17. Rab1 Kh8 18. Qc2 g5 19. Nd2 g4 20. hxg4 Qh4 21. Nf4 Bxf4 22. exf4 Qxg4 23. f3 Qxf4 24. fxe4 fxe4 25. Nxe4 dxe4 26. Bxe4 Qe3 27. Bf2 Rxf2 28. Qxf2 Qxe4 29. Re1 Qg6 30. Rb3 Rg8 31. Re2 Qd6 32. d5 cxd5 33. Qf7 Bc8 34. Re7 Nf8 35. Rg3 Rxg3 36. Qxf8 Rg8 37. Rxh7 Kxh7 38. Qxd6 Bb7 39. Qxb6 Rg7 40. Qd4 Kg8 41. g4 Kh7 42. Qf4 Bc8 43. g5 Bb7 44. Kf2 Kg8 45. Ke1 Re7 46. Kd2 Rf7 47. Qe5 Bc6 48. g6 Rf2 49. Ke1 Rc2 50. Qe6 -   1-0

[Event "Asian Junior Girls Chess Championship-2016"]
[Site "New Delhi"]
[Date "2016.05.04"]
[Round "1"]
[Board "7"]
[White "Harshita, Guddanti"]
[Black "Shanya, Mishra"]
[Result "1-0"]
[WhiteElo "2052"]
[BlackElo "1722"]
[PlyCount "0"]
[EventDate "2016.05.04"]
[EventRounds "9"]
[EventCountry "IND"]

1. e4 c5 2. Nf3 e6 3. d4 cxd4 4. Nxd4 Nc6 5. Nc3 Qc7 6. Be2 a6 7. O-O b5 8. Be3 Bb7 9. a3 Nf6 10. f4 d6 11. Bf3 Nxd4 12. Bxd4 e5 13. Be3 Be7 14. Qe1 O-O 15. Qg3 Kh8 16. Rad1 Bc6 17. Rd2 a5 18. Nd5 Nxd5 19. exd5 exf4 20. Qxf4 Bb7 21. Bd4 Qd8 22. Be4 Bg5 23. Qf5 Be3 24. Bxe3 g6 25. Bd4 Kg8 26. Qf6 Qxf6 27. Rxf6 Rfe8 28. Bd3 Bxd5 29. Bxb5 Re6 30. Bc3 Rxf6 31. Bxf6 Be6 32. Rxd6 Rb8 33. Rd8 Rxd8 34. Bxd8   1-0

[Event "Asian Junior Girls Chess Championship-2016"]
[Site "New Delhi"]
[Date "2016.05.04"]
[Round "1"]
[Board "8"]
[White "Sanskriti, Goyal"]
[Black "Bala, Kannamma P"]
[Result "0-1"]
[WhiteElo "1688"]
[BlackElo "2040"]
[PlyCount "0"]
[EventDate "2016.05.04"]
[EventRounds "9"]
[EventCountry "IND"]

1. d4 Nf6 2. c4 e6 3. Nc3 Bb4 4. e3 O-O 5. Nge2 d5 6. a3 Be7 7. Ng3 c5 8. dxc5 Bxc5 9. cxd5 exd5 10. Bd3 Nc6 11. O-O Be6 12. Nce2 Bd6 13. Bc2 Ne4 14. Rb1 Qh4 15. Bd2 Ne5 16. Bxe4 dxe4 17. Be1 Rfd8 18. Qc2 Bc4 19. Nf5 Nf3 20. gxf3 Qxh2   0-1

[Event "Asian Junior Girls Chess Championship-2016"]
[Site "New Delhi"]
[Date "2016.05.04"]
[Round "1"]
[Board "9"]
[White "Sapale, Saloni"]
[Black "Krithigga, K"]
[Result "1-0"]
[WhiteElo "2025"]
[BlackElo "1663"]
[PlyCount "0"]
[EventDate "2016.05.04"]
[EventRounds "9"]
[EventCountry "IND"]

1. e4 c6 2. d4 d5 3. exd5 cxd5 4. c4 Nf6 5. Nc3 Nc6 6. Bg5 dxc4 7. Bxc4 Nxd4 8. Nge2 Ne6 9. Qxd8 Kxd8 10. O-O-O Nd7 11. Bxe6 fxe6 12. Nf4 Kc7 13. Nxe6 Kc6 14. b4 b6 15. Bf4 Kb7 16. Nd8 Ka6 17. b5 Ka5 18. Nc6   1-0

[Event "Asian Junior Girls Chess Championship-2016"]
[Site "New Delhi"]
[Date "2016.05.04"]
[Round "1"]
[Board "10"]
[White "Senthamizh, Yazhini S"]
[Black "Tarini, Goyal"]
[Result "1/2-1/2"]
[WhiteElo "1635"]
[BlackElo "2010"]
[PlyCount "0"]
[EventDate "2016.05.04"]
[EventRounds "9"]
[EventCountry "IND"]

1. e4 c5 2. Nf3 e6 3. d4 cxd4 4. Nxd4 Nc6 5. Nc3 Qc7 6. a3 a6 7. Be3 Nf6 8. Be2 Be7 9. O-O O-O 10. h3 b5 11. f4 Nxd4 12. Bxd4 Bb7 13. e5 Ne8 14. Bd3 Bc5 15. Bf2 d6 16. exd6 Bxf2 17. Rxf2 Nxd6 18. f5 exf5 19. Bxf5 Nxf5 20. Rxf5 Rad8 21. Qe2 Rd6 22. Rd1 Rxd1 23. Qxd1 Qb6 24. Rf2 h6 25. Qg4 a5 26. Qf5 b4 27. axb4 axb4 28. Nd5 Qa7 29. Qe5 Rd8 30. Qe1 Qc5   1/2-1/2

[Event "Asian Junior Girls Chess Championship-2016"]
[Site "New Delhi"]
[Date "2016.05.05"]
[Round "2"]
[Board "1"]
[White "Ovezdurdiyeva, Jemal"]
[Black "Vaishali, R"]
[Result "0-1"]
[WhiteElo "1971"]
[BlackElo "2322"]
[PlyCount "0"]
[EventDate "2016.05.04"]
[EventRounds "9"]
[EventCountry "IND"]

1. d4 d5 2. c4 Nc6 3. Nc3 Nf6 4. cxd5 Nxd5 5. e4 Nxc3 6. bxc3 e5 7. d5 Na5 8.
Nf3 Bd6 9. Be2 O-O 10. O-O b6 11. Be3 Bd7 12. Nd2 Qe7 13. Qc2 c6 14. Nc4 Nxc4
15. Bxc4 Rac8 16. Qd2 cxd5 17. Bxd5 Bb5 18. Rfd1 Ba3 19. Rab1 Bc4 20. Bxc4 Rxc4
21. Qd3 Qc7 22. Rb3 Be7 23. Rc1 Rd8 24. Qc2 h6 25. f3 Qd7 26. Qe2 b5 27. Rbb1
a6 28. Rb3 Qd3 29. Qxd3 Rxd3 30. Kf2 Rxe3  0-1

[Event "Asian Junior Girls Chess Championship-2016"]
[Site "New Delhi"]
[Date "2016.05.05"]
[Round "2"]
[Board "2"]
[White "Priyanka, K"]
[Black "Michelle Catherina, P"]
[Result "1-0"]
[WhiteElo "1966"]
[BlackElo "2179"]
[PlyCount "0"]
[EventDate "2016.05.04"]
[EventRounds "9"]
[EventCountry "IND"]

1. e4 e5 2. Nf3 Nc6 3. Nc3 Nf6 4. d4 Bb4 5. d5 Ne7 6. Bd3 d6 7. Bd2 O-O 8. h3
c6 9. dxc6 bxc6 10. O-O Ng6 11. Re1 Re8 12. Ne2 Bc5 13. b4 Bb6 14. Ng3 d5 15.
Be3 Bxe3 16. Rxe3 d4 17. Re1 Qb6 18. Qd2 Nf4 19. Bc4 a5 20. a3 c5 21. Rab1 cxb4
22. axb4 Qc6 23. Nxe5 Nxh3+ 24. gxh3 Rxe5 25. Qxd4 Re8 26. Bd5 Nxd5 27. exd5
Qd7 28. Nh5 f6 29. Nf4 axb4 30. Qxb4 Ba6 31. Rxe8+ Rxe8 32. Re1 Rxe1+ 33. Qxe1
Bc4 34. Qe4 Qc8 35. Qe7 Qa8 36. d6 g5 37. d7 Qa1+ 38. Kh2  1-0

[Event "Asian Junior Girls Chess Championship-2016"]
[Site "New Delhi"]
[Date "2016.05.05"]
[Round "2"]
[Board "3"]
[White "Uuriintuya, Uurtsaikh"]
[Black "Chitlange, Sakshi"]
[Result "0-1"]
[WhiteElo "2172"]
[BlackElo "1928"]
[PlyCount "0"]
[EventDate "2016.05.04"]
[EventRounds "9"]
[EventCountry "IND"]

1. e4 e6 2. d4 d5 3. Nd2 dxe4 4. Nxe4 Nd7 5. Nf3 Ngf6 6. Nxf6+ Nxf6 7. Bd3 c5
8. O-O cxd4 9. Nxd4 Bc5 10. Nf3 O-O 11. Qe2 Qc7 12. c4 b6 13. Bg5 Be7 14. Rfe1
Bb7 15. Rad1 Rad8 16. a3 Ng4 17. Bxe7 Qxe7 18. h3 Nf6 19. Qe3 Qc7 20. b4 Rfe8
21. Ne5 Ba8 22. c5 bxc5 23. bxc5 Nd5 24. Qe4 Nf6 25. Qe3 Nd5 26. Qe4 Nf6 27.
Qc4 Rd5 28. c6 Rxe5 29. Rxe5 Qxe5 30. c7 Rc8 31. Rb1 g6 32. Rb8 Rxb8 33. c8=Q+
Rxc8 34. Qxc8+ Kg7 35. Qxa8 Qa1+ 36. Kh2 Qxa3 37. Qd8 Qc5 38. f4 Qd5 39. Qxd5
Nxd5 40. Kg3 a5  0-1

[Event "Asian Junior Girls Chess Championship-2016"]
[Site "New Delhi"]
[Date "2016.05.05"]
[Round "2"]
[Board "4"]
[White "Priyanka, Nutakki"]
[Black "Nandhidhaa, Pv"]
[Result "1/2-1/2"]
[WhiteElo "1907"]
[BlackElo "2141"]
[PlyCount "0"]
[EventDate "2016.05.04"]
[EventRounds "9"]
[EventCountry "IND"]

1. d4 Nf6 2. c4 g6 3. Nc3 d5 4. cxd5 Nxd5 5. Bd2 Nb6 6. Bf4 Bg7 7. Nf3 O-O 8.
Rc1 c6 9. e3 Bg4 10. Be2 N8d7 11. O-O Bxf3 12. Bxf3 e5 13. dxe5 Nxe5 14. Bxe5
Bxe5 15. Qb3 Qe7 16. Rfd1 Rfd8 17. g3 Rxd1+ 18. Rxd1 Rd8 19. Kg2 Rxd1 20. Nxd1
Qc5 21. Qd3 Kg7 22. Be4 Nc4 23. Qc2 Qb4 24. a3 Qd2 25. Qxc4 Qxd1 26. Qb4 Qd7
27. b3 Bb2 28. a4 h5 29. Bf3 Bf6 30. h4 Be7 31. Qc3+ Bf6 32. Qb4 Be7 33. Qc3+
Bf6 34. Qb4  1/2-1/2

[Event "Asian Junior Girls Chess Championship-2016"]
[Site "New Delhi"]
[Date "2016.05.05"]
[Round "2"]
[Board "5"]
[White "Divya, Lakshmi R"]
[Black "Harshita, Guddanti"]
[Result "1-0"]
[WhiteElo "1905"]
[BlackElo "2052"]
[PlyCount "0"]
[EventDate "2016.05.04"]
[EventRounds "9"]
[EventCountry "IND"]

1. e4 e5 2. Nf3 Nc6 3. Bb5 a6 4. Ba4 Nf6 5. d3 b5 6. Bb3 Be7 7. O-O d6 8. a4
Bd7 9. h3 Na5 10. Ba2 c5 11. Nc3 Rb8 12. axb5 axb5 13. Bg5 Be6 14. Bxf6 Bxf6
15. Nd5 Nc6 16. c3 O-O 17. Nh2 Bxd5 18. Bxd5 Ne7 19. Bb3 Qb6 20. g3 Nc6 21. Ng4
Bd8 22. Kg2 b4 23. Bc4 Na5 24. Bd5 bxc3 25. bxc3 c4 26. dxc4 Qc5 27. Qe2 Rb3
28. Qc2 Rb8 29. Qd3 h5 30. Ne3 g6 31. Rfb1 Bg5 32. Rb5 Rxb5 33. cxb5 Bxe3 34.
fxe3 Qb6 35. c4 Rc8 36. Qc3 Nb7 37. Ra6 Qc7 38. b6 Qe7 39. Ra7 Rb8 40. Qa3 h4
41. Rxb7 Rxb7 42. Qa8+ Kg7 43. Qxb7 Qg5 44. Qxf7+ Kh6 45. Qf8+ Kh7 46. Qg8+ {
Qd8}  1-0

[Event "Asian Junior Girls Chess Championship-2016"]
[Site "New Delhi"]
[Date "2016.05.05"]
[Round "2"]
[Board "6"]
[White "Bala, Kannamma P"]
[Black "Isha, Sharma"]
[Result "1/2-1/2"]
[WhiteElo "2040"]
[BlackElo "1883"]
[PlyCount "0"]
[EventDate "2016.05.04"]
[EventRounds "9"]
[EventCountry "IND"]

1. e4 c5 2. Nf3 d6 3. d4 cxd4 4. Nxd4 Nf6 5. Nc3 g6 6. Be3 Bg7 7. f3 O-O 8. Bc4 Nc6 9. Qd2 Bd7 10. O-O-O Rc8 11. Bb3 Ne5 12. Kb1 Re8 13. g4 b5 14. h4 Nc4 15. Bxc4 bxc4 16. h5 Rb8 17. Ka1 Qa5 18. Rb1 Rb6 19. Nde2 Ra6 20. Bd4 e5 21. Be3 Be6 22. a3 Rb8 23. hxg6 fxg6 24. g5 Nd7 25. Na2 Qxd2 26. Bxd2 d5 27. Nb4 Rd6 28. Nxd5 Bxd5 29. exd5 Rxd5 30. Be3 Rf8 31. Rh3 Nb6 32. Nc3 Rd7 33. Ka2 Rdf7   1/2-1/2

[Event "Asian Junior Girls Chess Championship-2016"]
[Site "New Delhi"]
[Date "2016.05.05"]
[Round "2"]
[Board "7"]
[White "Ananya, Suresh"]
[Black "Sapale, Saloni"]
[Result "1/2-1/2"]
[WhiteElo "1902"]
[BlackElo "2025"]
[PlyCount "0"]
[EventDate "2016.05.04"]
[EventRounds "9"]
[EventCountry "IND"]

1. e4 c6 2. d4 d5 3. Nc3 dxe4 4. Nxe4 Bf5 5. Ng3 Bg6 6. h4 h6 7. h5 Bh7 8. Nf3 Nd7 9. Bd3 Bxd3 10. Qxd3 e6 11. Bd2 Ngf6 12. O-O-O Be7 13. Ne4 Nxe4 14. Qxe4 Nf6 15. Qe2 Qd5 16. Kb1 Qb5 17. Qe5 Rd8 18. Qf4 Qd5 19. Rde1 Bd6 20. Qh4 Qf5 21. Qh3 Qxh3 22. Rxh3 O-O 23. c4 Rfe8 24. Bc3 Ng4 25. Re2 Bc7 26. Rh4 Nf6 27. g4 Bf4 28. Ne5 Kf8 29. Bb4 Kg8 30. Bc3 Kf8 31. Bb4 Kg8 32. Bc3 Kf8   1/2-1/2

[Event "Asian Junior Girls Chess Championship-2016"]
[Site "New Delhi"]
[Date "2016.05.05"]
[Round "2"]
[Board "8"]
[White "Shweta, Gole"]
[Black "Chandreyee, Hajra"]
[Result "1-0"]
[WhiteElo "1879"]
[BlackElo "1996"]
[PlyCount "0"]
[EventDate "2016.05.04"]
[EventRounds "9"]
[EventCountry "IND"]

1. d4 d5 2. c4 e6 3. Nc3 Nf6 4. Bg5 Be7 5. e3 O-O 6. cxd5 exd5 7. Qc2 c6 8. Bd3 Nbd7 9. Nge2 Re8 10. O-O Nf8 11. Rab1 Bd7 12. f3 Nh5 13. Bxe7 Qxe7 14. e4 dxe4 15. fxe4 Rad8 16. Kh1 Nf6 17. h3 Ng6 18. Ng3 Be6 19. Qf2 Qb4 20. Nge2 Qa5 21. b4 Qh5 22. Kg1 Qg5 23. Kh1 h5 24. e5 Nd5 25. Ne4 Qe3 26. Bc2 Qxf2 27. Rxf2 Ne3 28. Bb3 Nf5 29. Nc5 Nxd4 30. Nxb7 Rb8 31. Nxd4 Rxb7 32. Bxe6 fxe6 33. Nxc6 Rc8 34. Rc2 Kf8 35. Rbc1 a6 36. Rc5 Rb5 37. Nd4 Rbxc5 38. Nxe6 Ke7 39. Nxc5 Rc6 40. Re1 Nf4 41. Rd1 Ke8 42. Rd6 Rxd6 43. exd6 Nd5 44. a3 Ne3 45. a4 Nc4 46. d7 Kd8 47. b5 a5 48. Kg1 g5 49. Kf2 Kc7 50. Ke2 g4 51. hxg4 hxg4 52. Kf2 Kd8 53. Kg3 Ne3 54. b6   1-0

[Event "Asian Junior Girls Chess Championship-2016"]
[Site "New Delhi"]
[Date "2016.05.05"]
[Round "2"]
[Board "9"]
[White "Hamedi Nia, Vesal"]
[Black "Sunyuktha, C M N"]
[Result "1-0"]
[WhiteElo "1983"]
[BlackElo "1861"]
[PlyCount "0"]
[EventDate "2016.05.04"]
[EventRounds "9"]
[EventCountry "IND"]

1. d4 d5 2. c4 e6 3. Nc3 Nf6 4. Bg5 Nbd7 5. cxd5 exd5 6. Nf3 c6 7. e3 Be7 8. Bd3 O-O 9. O-O Re8 10. Qc2 Nf8 11. Nd2 g6 12. Rfe1 Ne6 13. Bh4 Nh5 14. Bxe7 Rxe7 15. Nf3 Nc7 16. Na4 Nf6 17. Nc5 b6 18. Nb3 Bb7 19. Rac1 Rc8 20. Nbd2 Ne6 21. b4 c5 22. bxc5 bxc5 23. dxc5 Nxc5 24. Nb3 Nfe4 25. Nxc5 Nxc5 26. Qb1 Qa5 27. Bf1 Rec7 28. Red1 Ne4 29. Rxc7 Rxc7 30. Qb2 Qa4 31. Rb1 Bc8 32. Nd4 Rb7 33. Bb5 Qa5 34. Qc2 Rc7 35. Nc6 Qc3 36. Rc1 Qxc2 37. Rxc2 Bb7 38. Ba4 Nd6 39. Nxa7 Rxc2 40. Bxc2 Kf8 41. Bd3 Ke7 42. Nb5 Ba6 43. a4 Nc4 44. Nc7 Bb7 45. Kf1 Kd6 46. Nb5 Kc5 47. Ke1 Kb4 48. Bxc4   1-0

[Event "Asian Junior Girls Chess Championship-2016"]
[Site "New Delhi"]
[Date "2016.05.05"]
[Round "2"]
[Board "10"]
[White "Varshini, V"]
[Black "Priyamvada, Karamcheti"]
[Result "1-0"]
[WhiteElo "2223"]
[BlackElo "1766"]
[PlyCount "0"]
[EventDate "2016.05.04"]
[EventRounds "9"]
[EventCountry "IND"]

1. e4 c5 2. Nc3 e6 3. Nge2 Nc6 4. d4 cxd4 5. Nxd4 Qc7 6. Be2 a6 7. Be3 Nf6 8. a3 b5 9. O-O Bb7 10. Nb3 Ne5 11. f4 Nc4 12. Bxc4 bxc4 13. Nd2 Bc5 14. Bxc5 Qxc5 15. Kh1 d5 16. e5 d4 17. exf6 dxc3 18. fxg7 Rg8 19. bxc3 Rd8 20. Qe2 Rxg7 21. Nf3 Rg4 22. Rab1 Bc6 23. Rfd1 Bd5 24. Rd4 Qxa3 25. Rbd1 Qc5 26. h3 Rg8 27. Ng5 Ke7 28. Qh5 Rg7 29. Ne4 Qc7 30. Qh4 Kf8 31. R1d2 Rb8 32. Nf6 Rb1 33. Kh2 Qb6 34. Nd7   1-0

[Event "Asian Junior Girls Chess Championship-2016"]
[Site "New Delhi"]
[Date "2016.05.05"]
[Round "3"]
[Board "1"]
[White "Vaishali, R"]
[Black "Divya, Lakshmi R"]
[Result "1-0"]
[WhiteElo "2322"]
[BlackElo "1905"]
[PlyCount "0"]
[EventDate "2016.05.04"]
[EventRounds "9"]
[EventCountry "IND"]

1. e4 c5 2. Nf3 d6 3. d4 cxd4 4. Nxd4 Nf6 5. Nc3 a6 6. Be2 e5 7. Nb3 Be7 8. Bg5
Nbd7 9. a4 O-O 10. a5 Qc7 11. O-O Re8 12. Qd3 h6 13. Be3 Nc5 14. Nxc5 dxc5 15.
Na4 Be6 16. f3 Qxa5 17. Nxc5 Qb6 18. Nxe6 Qxe6 19. Rfd1 Rac8 20. c4 Qc6 21. Qc3
Bc5 22. b4 Bxe3+ 23. Qxe3 Red8 24. c5 Ne8 25. Qc3 Qf6 26. Rd5 Nc7 27. Bc4 Kh7
28. Rad1 Ne6 29. Rd6 Qg5 30. Bxe6 fxe6 31. Rxd8 Rxd8 32. Rd6 Kg8 33. h3 Kf7 34.
Rxd8 Qxd8 35. Qxe5 g5 36. Kh2 Qd7 37. Qh8 Kg6 38. Qg8+ Kf6 39. Qf8+ Kg6 40. e5
Qd5 41. Qf6+ Kh7 42. Qf7+ Kh8 43. Qf8+ Kh7 44. Qe7+ Kg6 45. Qf6+ Kh7 46. Qf7+
Kh8 47. Qc7 Kg8 48. Qd6 Qc4 49. Qb8+ Kf7 50. Qxb7+ Ke8 51. Qe4 Qc1 52. Qg6+ Ke7
53. Qf6+ Kd7 54. Qf7+ Kd8 55. Qf8+ Kc7 56. Qd6+ Kb7 57. Qb6+ Kc8 58. Qxe6+ Kd8
59. Qd6+ Ke8 60. e6  1-0

[Event "Asian Junior Girls Chess Championship-2016"]
[Site "New Delhi"]
[Date "2016.05.05"]
[Round "3"]
[Board "2"]
[White "Chitlange, Sakshi"]
[Black "Hamedi Nia, Vesal"]
[Result "1/2-1/2"]
[WhiteElo "1928"]
[BlackElo "1983"]
[PlyCount "0"]
[EventDate "2016.05.04"]
[EventRounds "9"]
[EventCountry "IND"]

1. d4 d5 2. c4 e6 3. Nc3 Nf6 4. cxd5 exd5 5. Bg5 Be7 6. e3 c6 7. Bd3 h6 8. Bf4
O-O 9. h3 Re8 10. Nf3 Nbd7 11. O-O a6 12. Qc2 c5 13. dxc5 Nxc5 14. Rfd1 Be6 15.
Rac1 Rc8 16. Qe2 Qa5 17. Nd4 Ncd7 18. a3 b5 19. Nf5 Qd8 20. Qf3 Bf8 21. Bb1 Nb6
22. Be5 Nbd7 23. Bd4 g6 24. Ng3 Bg7 25. e4 dxe4 26. Bxe4 Nxe4 27. Ngxe4 Ra8 28.
Bxg7 Kxg7 29. Nc5 Ra7 30. N3e4 Qe7 31. Qc3+ Nf6 32. Rd6 a5 33. Qe5 g5 34. Rc3
Kg6 35. Rf3 Nxe4 36. Qxe4+ Kg7 37. Qd4+ Kg8 38. Nxe6 fxe6 39. Rf6 Qg7 40. Qe5
Rae7 41. b4 axb4 42. axb4 h5 43. f4 g4 44. hxg4 Qxg4 45. f5 Rg7 46. Rd2 Qxb4
47. Rxe6 Qxd2 48. Rxe8+ Kh7 49. Qe4 Qc1+ 50. Kh2 Qc7+ 51. Kg1 Qc1+ 52. Kh2 Qc7+
53. Kg1 Qc1+ 54. Kh2 Qc7+ 55. Kg1  1/2-1/2

[Event "Asian Junior Girls Chess Championship-2016"]
[Site "New Delhi"]
[Date "2016.05.05"]
[Round "3"]
[Board "3"]
[White "Shweta, Gole"]
[Black "Priyanka, K"]
[Result "0-1"]
[WhiteElo "1879"]
[BlackElo "1966"]
[PlyCount "0"]
[EventDate "2016.05.04"]
[EventRounds "9"]
[EventCountry "IND"]

1. d4 Nf6 2. c4 g6 3. Nc3 Bg7 4. e4 d6 5. f3 O-O 6. Be3 c5 7. dxc5 dxc5 8. Qxd8
Rxd8 9. Bxc5 Nc6 10. Nd5 Nxd5 11. cxd5 Bxb2 12. Rb1 Bc3+ 13. Ke2 b6 14. Ba3 Ne5
15. Bxe7 Re8 16. Bd6 f5 17. Bxe5 Bxe5 18. Ke3 Bd6 19. Bd3 Bb7 20. Bc4 Rac8 21.
Bb5 Re7 22. Kd3 a6 23. Ba4 b5 24. Bb3 Rce8 25. Re1 a5 26. a4 bxa4 27. Bxa4 Rc8
28. Bc6 Bxc6 29. dxc6 Rxc6 30. Nh3 Bb4 31. Rc1 fxe4+ 32. fxe4 Rd6+ 33. Ke2
Rxe4+ 34. Kf3 Re7 35. Rhd1 Rf6+ 36. Kg3 Bd6+ 37. Rxd6  0-1

[Event "Asian Junior Girls Chess Championship-2016"]
[Site "New Delhi"]
[Date "2016.05.05"]
[Round "3"]
[Board "4"]
[White "Isha, Sharma"]
[Black "Varshini, V"]
[Result "0-1"]
[WhiteElo "1883"]
[BlackElo "2223"]
[PlyCount "0"]
[EventDate "2016.05.04"]
[EventRounds "9"]
[EventCountry "IND"]

1. e4 c5 2. Nc3 d6 3. d3 e6 4. g3 Nc6 5. Bg2 g6 6. Nge2 Bg7 7. Be3 Nd4 8. O-O
Ne7 9. Qd2 O-O 10. Bh6 Bxh6 11. Qxh6 Nxc2 12. Rac1 Nb4 13. Rcd1 e5 14. f4 f5
15. h4 Nbc6 16. Kh2 Kh8 17. Rh1 Ng8 18. Qg5 Kg7 19. Qxd8 Rxd8 20. Rhe1 Nh6 21.
exf5 Bxf5 22. Kg1 Ng4 23. Nd5 Rac8 24. fxe5 Ngxe5 25. Nef4 Bg4 26. Rd2 Re8 27.
Rf1 Nd4 28. Rdf2 Nf5 29. Kh2 Nf7 30. b3 b5 31. Be4 Ne5 32. Ng2 Rf8 33. Ngf4 Nd4
34. Kh1 Rf7 35. Nc3 Rcf8 36. Bd5 Rf5 37. Be6 R5f6 38. Bd5 Bf5 39. Be4 b4 40.
Bxf5 bxc3 41. Bh3 c2 42. Kg2 Nec6 43. Re1 Ne5 44. Ref1 Rxf4 45. Rxf4 Rxf4 46.
Rg1  0-1

[Event "Asian Junior Girls Chess Championship-2016"]
[Site "New Delhi"]
[Date "2016.05.05"]
[Round "3"]
[Board "5"]
[White "Nandhidhaa, Pv"]
[Black "Tarini, Goyal"]
[Result "1-0"]
[WhiteElo "2141"]
[BlackElo "2010"]
[PlyCount "0"]
[EventDate "2016.05.04"]
[EventRounds "9"]
[EventCountry "IND"]

1. e4 c5 2. b3 d6 3. Bb2 Nf6 4. Nc3 Nc6 5. Bb5 Bd7 6. f4 g6 7. Bxc6 Bxc6 8. Qe2
Bg7 9. O-O-O O-O 10. Nf3 Qa5 11. Kb1 b5 12. e5 Nd7 13. e6 Bxf3 14. gxf3 Nb6 15.
Nxb5 Bxb2 16. Kxb2 c4 17. Nc3 Qf5 18. exf7+ Rxf7 19. h4 cxb3 20. axb3 Qxf4 21.
h5 g5 22. h6 Qxf3 23. Qa6 Qf6 24. Rdg1 d5 25. Qd3 Kh8 26. Rf1 Qe6 27. Rxf7 Qxf7
28. Rf1 Qe6 29. Qd4+ Kg8 30. Qg7#  1-0